000 01911nam a22003614i 4500
001 991061739576306706
003 ES-BaIT
005 20260331125403.0
008 260331q16011700sp ||| d spa c
040 _aES-BaIT
_bcat
_erda
_cES-BaIT
080 _a860-2"16"
100 1 _aQuevedo, Francisco de,
_d1580-1645
_eautor
_940939
245 1 0 _aEntremes famoso de la endemoniada fingida y chistes de Bacallao /
_ccompuesto por don Francisco de Quevedo
246 3 _aLa Endemoniada fingida y chistes de Bacallao
264 1 _a[Lloc de publicació no identificat] :
_b[editor no identificat],
_c[17--]
300 _a19, [1] pàgines ;
_c8º (14 cm)
336 _atext
_btxt
_2rdacontent
337 _asense mediació
_bn
_2rdamedia
338 _avolum
_bnc
_2rdacarrier
500 _aSignatures: A10 (full A10 verso en blanc)
500 _aP6: D1, H5
530 _aReproducció digital disponible a Biblioescènic
593 _bVIT-059/01
_cEnquadernació holandesa amb puntes, en color blau, guardes marbrejades. Exemplar guillotinat. Etiqueta d'antic topogràfic Vitrina A Estante 2 en full de guarda volant anterior. Relligat en volum factici, títol al llom: Entremeses raros VI
_fEx-libris de la Colección teatral Arturo Sedó a la contracoberta anterior. Segell de la Colección teatral Arturo Sedó a portada. Llistat manuscrit al full de guarda anterior de les obres que conté el volum
_gExemplar digitalitzat per Crossland, 2022
_hArtur Sedó
650 0 _aEntremesos
_yS. XVII
_9162743
730 0 _aCol·lecció digital Biblioescènic del MAE
_969172
856 4 1 _zAccés lliure (Biblioescènic)
_3Exemplar VIT-059/01
_uhttps://books.cdmae.cat/visorpdf/?recurs=SV0059-01
856 4 2 _zFitxa del catàleg manual
_uhttp://www.cdmae.cat/sedo/imgtitulos/026/P0000605.gif
902 _aPatrimoni
902 _aFons antic
908 _aCDMAE
940 _aCDMAE
942 _2udc
_cDIGITAL
999 _c137340
_d137340